<?xml version="1.0" encoding="UTF-8"?>
<collection xmlns="http://www.loc.gov/MARC21/slim">
 <record>
  <leader>01114nam a22002655a 4500</leader>
  <controlfield tag="001">CEM.cems020541</controlfield>
  <controlfield tag="008">231010s2000##################000#0#####d</controlfield>
  <controlfield tag="005">20231010092918.0</controlfield>
  <datafield tag="245" ind1="1" ind2="0">
   <subfield code="a">Betina, la máquina del tiempo /</subfield>
   <subfield code="c">Graciela Montes ; ilustrado Elena Torres.</subfield>
  </datafield>
  <datafield tag="250" ind1=" " ind2=" ">
   <subfield code="a">1a reimp.</subfield>
  </datafield>
  <datafield tag="260" ind1=" " ind2=" ">
   <subfield code="a">Buenos Aires :</subfield>
   <subfield code="b">Colihue,</subfield>
   <subfield code="c">2000.</subfield>
  </datafield>
  <datafield tag="300" ind1=" " ind2=" ">
   <subfield code="a">47 p.</subfield>
  </datafield>
  <datafield tag="490" ind1="0" ind2=" ">
   <subfield code="a">Los libros del árbol</subfield>
  </datafield>
  <datafield tag="505" ind1="0" ind2=" ">
   <subfield code="a">Betina, la máquina del tiempo -- Eusebio y su mamá</subfield>
  </datafield>
  <datafield tag="520" ind1=" " ind2=" ">
   <subfield code="a">Donde se cuenta la historia de la máquina que sabía hacer llover (para alegría de los vendedores de paraguas) y del fin que tuvo el experimento. Se demuestra, además, que los pingüinos pueden usar mochila, pero se niegan a calzar zapatos</subfield>
  </datafield>
  <datafield tag="020" ind1=" " ind2=" ">
   <subfield code="a">9879069439</subfield>
  </datafield>
  <datafield tag="100" ind1="1" ind2=" ">
   <subfield code="a">Montes, Graciela</subfield>
  </datafield>
  <datafield tag="700" ind1="1" ind2=" ">
   <subfield code="a">Torres, Elena; il.</subfield>
  </datafield>
  <datafield tag="082" ind1="0" ind2="4">
   <subfield code="a">A868.4</subfield>
  </datafield>
  <datafield tag="653" ind1=" " ind2=" ">
   <subfield code="a">Literatura</subfield>
  </datafield>
  <datafield tag="653" ind1=" " ind2=" ">
   <subfield code="a">Literatura argentina</subfield>
  </datafield>
  <datafield tag="653" ind1=" " ind2=" ">
   <subfield code="a">Literatura infantil</subfield>
  </datafield>
  <datafield tag="653" ind1=" " ind2=" ">
   <subfield code="a">Cuentos infantiles</subfield>
  </datafield>
  <datafield tag="859" ind1=" " ind2=" ">
   <subfield code="a">CEMS</subfield>
   <subfield code="b">BIB. CEMS - Inicial y Primaria</subfield>
   <subfield code="h">A868.4</subfield>
   <subfield code="i">M764-32</subfield>
   <subfield code="k">IP</subfield>
   <subfield code="p">2976</subfield>
   <subfield code="t">Ej.1</subfield>
  </datafield>
  <datafield tag="859" ind1=" " ind2=" ">
   <subfield code="a">CEMS</subfield>
   <subfield code="b">BIB. CEMS - Inicial y Primaria</subfield>
   <subfield code="h">A868.4</subfield>
   <subfield code="i">M764-32</subfield>
   <subfield code="k">IP</subfield>
   <subfield code="p">2977</subfield>
   <subfield code="t">Ej.2</subfield>
  </datafield>
 </record>
</collection>
